书目信息 |
| 题名: |
工程热力学
|
|
| 作者: | 贝尔 , baehr 著 ;杨东华 译 | |
| 分册: | ||
| 出版信息: | 北京 科学出版社 1983 |
|
| 页数: | 286页 | |
| 开本: | 25cm | |
| 丛书名: | ||
| 单 册: | ||
| 中图分类: | TK123 | |
| 科图分类: | ||
| 主题词: | 工程热力学 | |
| 电子资源: | ||
| ISBN: | ||
| 000 | 00690nam0 2200253 45 | |
| 001 | 0183000666 | |
| 005 | 20060719105612.50 | |
| 010 | @dCNY2.90 | |
| 091 | @a15031.522 | |
| 100 | @a19950227d1983 em y0chiy0121 ea | |
| 101 | 1 | @achi@cger |
| 102 | @aCN@b110000 | |
| 105 | @ay z 000yy | |
| 200 | 10 | @a工程热力学@Agong cheng re li xue@e理论基础及工程应用@f( )贝尔(Baehr,H,D.)著@g杨东华译 |
| 210 | @a北京@c科学出版社@d1983 | |
| 215 | @a286页@d25cm | |
| 606 | @a工程热力学 | |
| 690 | @aTK123@v3 | |
| 701 | 1 | @a贝尔@Abei er@bH.D.@4著 |
| 701 | A1 | @abaehr@bH.D.@4著 |
| 702 | 0 | @a杨东华@Ayang dong hua@4译 |
| 801 | 2 | @aCN@bNLC@c20060719 |
| 801 | 0 | @aCN@bTSSF |
| 905 | @a10447@dTK123@e49 | |
| 工程热力学:理论基础及工程应用/( )贝尔(Baehr,H,D.)著/杨东华译.-北京:科学出版社,1983 |
| 286页;25cm |
| ISBN :CNY2.90 |
| ● |
| 相关链接 |
|
|
|
|
正题名:工程热力学
索取号:TK123/49
 
预约/预借
| 序号 | 登录号 | 条形码 | 馆藏地/架位号 | 状态 | 备注 |
| 1 | 0437677 | 204376772 | 密集书库/ [索取号:TK123/49] | 在馆 | |
| 2 | 0437678 | 204376781 | 密集书库/ [索取号:TK123/49] | 在馆 | |
| 3 | 0437679 | 204376790 | 密集书库/ [索取号:TK123/49] | 在馆 |